000 01295nam a2200325 i 4500
003 EG-GICUC
005 20260121101230.0
008 251116s2012 ua ||||fr|||| 00| 0 ara d
020 _a9774101361
040 _a EG-GICUC
_bara
_c EG-GICUC
_d EG-GICUC
_erda
041 0 _hara
082 0 4 _221
_a345.2
_bو ل . د
092 0 4 _221
099 _aLaw1 07 345.2 و ل . د 2012
100 0 _aوليد محمد الشناوي
_eمؤلف.
245 1 2 _aالدور التنظيمي للإدارة في المجال الإقتصادي :
_b(دراسة مقارنة) /
_cالدكـتور وليد محمد الشناوي.
250 _aالطبعة الثانية
264 1 _aالمنصورة :
_bالمكتبة العصرية ،
_c2012.
300 _a937 صفحة ؛
_c24 سم.
336 _2rda content
_atext
337 _2rda media
_aComputer
338 _2rda carrier
_aOnline Resource
504 _aيشتمل على إرجاعات ببليوجرافية
504 _aببليوجرافيا صفحات : (845-933).
546 _aالنص أغلبه باللغة العربية مع بعض النصوص الإنجليزية
650 1 _aالقانون الإداري
856 4 0 _uhttps://fll.law.cu.edu.eg/fulltext/bks/B07-00843.pdf
905 _a33
942 _2ddc
_cBK
_e21
_n0
999 _c43711
_d43711